Christian mass movements in India: a study with recommendations (Record no. 416270)

000 -LEADER
fixed length control field 00382cam a22001217a 4500
008 - FIXED-LENGTH DATA ELEMENTS--GENERAL INFORMATION
fixed length control field 180718b1933 xxu||||| |||| 00| 0 eng d
082 ## - DEWEY DECIMAL CLASSIFICATION NUMBER
Classification number AB2x54 P586
100 ## - MAIN ENTRY--PERSONAL NAME
Personal name Pickett, J Wisdom
245 ## - TITLE STATEMENT
Title Christian mass movements in India: a study with recommendations
Statement of responsibility, etc. by J. Wisdom Pickett
260 ## - PUBLICATION, DISTRIBUTION, ETC.
Place of publication, distribution, etc. Lucknow
Name of publisher, distributor, etc. Lucknow Publishing House
Date of publication, distribution, etc. 1933
300 ## - PHYSICAL DESCRIPTION
Extent 882p
650 ## - SUBJECT ADDED ENTRY--TOPICAL TERM
Topical term or geographic name entry element Missions -India
Holdings
Withdrawn status Lost status Damaged status Not for loan Permanent Location Current Location Date acquired Full call number Barcode Date last seen Price effective from Koha item type
        Indian Institute of Public Administration Indian Institute of Public Administration 2009-03-13 AB2x54 P586 16434 2018-07-21 2018-07-21 Book

Powered by Koha